000 00553nam a2200193Ia 4500
005 20250508164000.0
008 008 250505s9999 xx 000 0 eng d
037 _aTextual
040 _aFEDL
_beng
_cFEDL
041 _aeng
_2eng
084 _a640.7, DAS
_qFEDL
100 _aDas Asha
245 0 _aHome science: Textbook and practical, Class12th
260 _aNew Delhi, India
_bArya Book Depot
_c2002
300 _a323p
700 _a Gupta Puja Banerjee A V A
_9776936
942 _cTEXL
_h640.7, DAS
999 _c1386416
_d1386416